000 00331 a2200157 4500
001 148877
040 _cEscola São Tomás de Aquino
100 _aZIRALDO
240 1 0 _aMenina Nina
_lpor
245 1 0 _aMenina Nina
300 _a37
362 0 _a2006
440 1 _aMelhoramentos
697 _a*LITERATURA INFANTO
942 _cBK
999 _c148877
_d148877